| 000 | 00448nam a2200181Ia 4500 | ||
|---|---|---|---|
| 008 | 121212t1960 xxu||||| |||| 00| 0 sin d | ||
| 041 | _asin | ||
| 080 |
_a8-31 _bMOH |
||
| 100 | _aMohideen,M.Y. | ||
| 245 | _aගිණි කන්ද | ||
| 246 | _aGini Kanda | ||
| 260 |
_aPerise _aKuliyapitiya _c1960 |
||
| 300 | _b80p, 18 cm | ||
| 700 |
_aIluksooriya,I.H.A. _etr. |
||
| 942 | _cBK | ||
| 999 |
_c39435 _d39435 |
||
| 003 | LK-CoDNM | ||
| 040 |
_aLK-CoDNM _dLK-CoDNM _eLK-CoDNM |
||